[Event "ROM-ch"]
[Site "Baile Olanesti"]
[Date "2010.02.02"]
[Round "3"]
[White "Gulie, Cosmin"]
[Black "Foisor, Ovidiu Doru"]
[Result "0-1"]
[WhiteElo "2109"]
[BlackElo "2420"]
[PlyCount "40"]
[EventDate "2010.01.31"]
[EventType "swiss"]
[EventRounds "9"]
[EventCountry "ROU"]
[SourceTitle "CBM 134 Extra"]
[Source "ChessBase"]
[SourceDate "2010.03.03"]
[SourceVersion "1"]
[SourceVersionDate "2010.03.03"]
[SourceQuality "1"]

1. e4 e6 2. d4 d5 3. exd5 exd5 4. c3 Bd6 5. Nf3 Nc6 6. Bd3 Nge7 7. 0-0 Bg4 8. h3 Bh5 9. Bg5 f6 10. Bh4 g5 11. Bg3 Bxg3 12. fxg3 Qd6 13. g4 Bg6 14. Qc2 Bxd3 15. Qxd3 h5 16. Nh2 hxg4 17. Nxg4 f5 18. Ne3 Rxh3 19. Qe2 Qh2+ 20. Kf2 Qg3+ 0-1

[Event "ROM-ch"]
[Site "Baile Olanesti"]
[Date "2010.02.01"]
[Round "2"]
[White "Gulie, Cosmin"]
[Black "Moldovan, Daniel"]
[Result "1/2-1/2"]
[WhiteElo "2109"]
[BlackElo "2443"]
[PlyCount "110"]
[EventDate "2010.01.31"]
[EventType "swiss"]
[EventRounds "9"]
[EventCountry "ROU"]
[SourceTitle "CBM 134 Extra"]
[Source "ChessBase"]
[SourceDate "2010.03.03"]
[SourceVersion "1"]
[SourceVersionDate "2010.03.03"]
[SourceQuality "1"]

1. e4 g6 2. d4 Bg7 3. Nf3 d6 4. h3 c5 5. c3 Nf6 6. Bd3 0-0 7. Be3 Qc7 8. Nbd2 Nbd7 9. 0-0 b6 10. Qe2 Bb7 11. Rac1 e5 12. dxe5 dxe5 13. Bg5 a6 14. Rfd1 h6 15. Bxf6 Nxf6 16. Nf1 c4 17. Bb1 b5 18. Rd2 Rad8 19. Rcd1 Rxd2 20. Rxd2 Re8 21. Ng3 Bf8 22. a3 Bc6 23. Nh2 h5 24. Nf3 Bh6 25. Rd1 Qe7 26. h4 Ng4 27. Nf1 Rd8 28. g3 Rxd1 29. Qxd1 Qd7 30. Qxd7 Bxd7 31. N3d2 Bf8 32. Ne3 Nxe3 33. fxe3 Bc5 34. Kf2 Kg7 35. a4 bxa4 36. Nxc4 f6 37. Bc2 Kf8 38. Na3 Ke7 39. Bd3 Bc8 40. Bc2 Bb7 41. Bxa4 Bxe4 42. b4 Ba7 43. Bb3 f5 44. Ke2 Kf6 45. Bc2 Bc6 46. Bd3 g5 47. Bxa6 f4 48. hxg5+ Kxg5 49. gxf4+ exf4 50. exf4+ Kxf4 51. Bc8 Bf3+ 52. Kf1 Ke3 53. c4 Bb8 54. Nc2+ Kd3 55. Ne1+ Kxc4 1/2-1/2